| 000 -LEADER |
| fixed length control field |
00907nam a2200241Ia 4500 |
| 001 - CONTROL NUMBER |
| control field |
16673 |
| 003 - CONTROL NUMBER IDENTIFIER |
| control field |
GE_BSU |
| 008 - FIXED-LENGTH DATA ELEMENTS--GENERAL INFORMATION |
| fixed length control field |
181216s||||||||xx |||||||||||||| ||und|| |
| 040 ## - CATALOGING SOURCE |
| Transcribing agency |
GE_BSU |
| 080 ## - UNIVERSAL DECIMAL CLASSIFICATION NUMBER |
| Universal Decimal Classification number |
821.161.1-31 |
| 100 ## - MAIN ENTRY--PERSONAL NAME |
| Personal name |
ფადეევი, ა. |
| 245 ## - TITLE STATEMENT |
| Title |
ახალგაზრდა გვარდია |
| 245 ## - TITLE STATEMENT |
| Remainder of title |
რომანი |
| 245 ## - TITLE STATEMENT |
| Statement of responsibility, etc. |
თარგმ. პოლიო აბრამიასი. რედ.მ.მაისურაძე. მხ.თ.სამსონია |
| 260 ## - PUBLICATION, DISTRIBUTION, ETC. |
| Place of publication, distribution, etc. |
თბილისი |
| 260 ## - PUBLICATION, DISTRIBUTION, ETC. |
| Name of publisher, distributor, etc. |
საბჭ. საქართველო |
| 260 ## - PUBLICATION, DISTRIBUTION, ETC. |
| Date of publication, distribution, etc. |
1960 |
| 300 ## - PHYSICAL DESCRIPTION |
| Extent |
733გვ. : 1ფ. ილ. ; 22სმ |
| 300 ## - PHYSICAL DESCRIPTION |
| Accompanying material |
დანართი: გამომცემლობისაგან, გვ. 727-732 |
| 653 ## - INDEX TERM--UNCONTROLLED |
| Uncontrolled term |
ახალგაზრდა გვარდია |
| 653 ## - INDEX TERM--UNCONTROLLED |
| Uncontrolled term |
რომანი |
| 942 ## - ADDED ENTRY ELEMENTS (KOHA) |
| Koha item type |
წიგნი |